[Event "BRA-ch U26"]
[Site "Joinville"]
[Date "2023.10.13"]
[Round "6"]
[White "De Magalhaes, Gustavo A Linhares"]
[Black "Da Silva, Elias Aparecido Vos"]
[Result "0-1"]
[WhiteElo "1546"]
[BlackElo "1800"]
[PlyCount "72"]
[EventDate "2023.10.09"]
[EventType "swiss"]
[EventRounds "6"]
[EventCountry "BRA"]
[SourceTitle "CBM 216 Extra"]
[Source "ChessBase"]
[SourceDate "2023.11.30"]
[SourceVersion "1"]
[SourceVersionDate "2023.11.30"]
[SourceQuality "1"]

1. a3 g6 2. e4 Bg7 3. Nc3 c5 4. Nf3 Nc6 5. Bc4 e6 6. d3 Nge7 7. Be3 d5 8. exd5 exd5 9. Nxd5 Nxd5 10. Bxc5 Be6 11. 0-0 a6 12. Re1 b6 13. Bxd5 Qxd5 14. Bxb6 0-0 15. c4 Qd7 16. Rb1 Bg4 17. h3 Bf5 18. Qd2 Rab8 19. c5 Rfe8 20. b4 Nd4 21. Nxd4 Qxd4 22. Rbd1 Re6 23. Rxe6 Bxe6 24. Qe3 Qd7 25. d4 Qc6 26. d5 Bxd5 27. Qg5 Be6 28. Rd6 Qe4 29. Qd2 Be5 30. Rd8+ Rxd8 31. Qxd8+ Kg7 32. Qd1 Bd5 33. f3 Qe3+ 34. Kh1 Qf4 35. Kg1 Bc6 36. Qe1 Qh2+ 0-1

[Event "BRA-ch U26"]
[Site "Joinville"]
[Date "2023.10.12"]
[Round "5"]
[White "Da Silva, Elias Aparecido Vos"]
[Black "Andrade, Guilherme A de Sou"]
[Result "0-1"]
[WhiteElo "1800"]
[BlackElo "1964"]
[PlyCount "154"]
[EventDate "2023.10.09"]
[EventType "swiss"]
[EventRounds "6"]
[EventCountry "BRA"]
[SourceTitle "CBM 216 Extra"]
[Source "ChessBase"]
[SourceDate "2023.11.30"]
[SourceVersion "1"]
[SourceVersionDate "2023.11.30"]
[SourceQuality "1"]

1. Nf3 c5 2. g3 Nc6 3. e4 g6 4. Bg2 Bg7 5. 0-0 d6 6. d3 Nf6 7. c3 0-0 8. Nbd2 Bg4 9. Qc2 Rc8 10. a4 Qc7 11. Nc4 Be6 12. Ne3 Na5 13. c4 Nc6 14. Bd2 Ng4 15. Nd5 Qd8 16. Bc3 Nge5 17. Nxe5 Bxe5 18. f4 Bg7 19. Rae1 Nd4 20. Qd1 Qd7 21. Ne3 Qd8 22. Kh1 Bd7 23. f5 Bc6 24. Bxd4 Bxd4 25. b3 a6 26. Nd5 b5 27. axb5 axb5 28. fxg6 hxg6 29. Qc1 e6 30. Nc3 b4 31. Ne2 Be5 32. Nf4 Ra8 33. Qd1 Qg5 34. Qf3 Bg7 35. h4 Qe5 36. Qg4 Ra3 37. Rb1 Rfa8 38. h5 g5 39. Nh3 Bh6 40. Nf2 f5 41. Qh3 Ra2 42. exf5 Bxg2+ 43. Qxg2 Qxf5 44. g4 Qf7 45. Ne4 Rxg2 46. Rxf7 Rxg4 47. Nf6+ Kxf7 48. Nxg4 Rh8 49. Kg2 Bg7 50. Rh1 Bd4 51. Rf1+ Kg7 52. h6+ Kg6 53. Rc1 Kf5 54. Kh3 Ra8 55. Rf1+ Kg6 56. Re1 Re8 57. Kg3 Re7 58. Rh1 Be5+ 59. Nxe5+ dxe5 60. Rf1 Rd7 61. Rf3 Kxh6 62. Kg4 Rd4+ 63. Kg3 Kg6 64. Kg2 g4 65. Re3 Kf5 66. Kg3 Rf4 67. Kg2 e4 68. Rg3 Ke5 69. dxe4 Kxe4 70. Kg1 e5 71. Kg2 Kd4 72. Kh2 e4 73. Rg1 Rf3 74. Rd1+ Rd3 75. Rb1 Kc3 76. Re1 e3 77. Kg3 Kd2 0-1

[Event "BRA-ch U26"]
[Site "Joinville"]
[Date "2023.10.11"]
[Round "4"]
[White "Santos Sousa, Carlos Henrique"]
[Black "Da Silva, Elias Aparecido Vos"]
[Result "0-1"]
[WhiteElo "1833"]
[BlackElo "1800"]
[PlyCount "76"]
[EventDate "2023.10.09"]
[EventType "swiss"]
[EventRounds "6"]
[EventCountry "BRA"]
[SourceTitle "CBM 216 Extra"]
[Source "ChessBase"]
[SourceDate "2023.11.30"]
[SourceVersion "1"]
[SourceVersionDate "2023.11.30"]
[SourceQuality "1"]

1. e4 c5 2. Nf3 Nc6 3. d4 cxd4 4. Nxd4 Nf6 5. Nc3 e5 6. Ndb5 d6 7. Bg5 a6 8. Na3 b5 9. Nd5 Be7 10. Bxf6 gxf6 11. c3 f5 12. exf5 Bxf5 13. Nc2 0-0 14. Nce3 Bg6 15. a4 b4 16. cxb4 Bg5 17. Bc4 Nxb4 18. Nxb4 Bxe3 19. 0-0 Bd4 20. Ra2 Kh8 21. b3 Qg5 22. Bd5 Rac8 23. Nc6 Bc5 24. b4 Rxc6 25. Bxc6 Bxb4 26. Rb2 Bc5 27. Rb3 f5 28. Qe2 e4 29. Qxa6 f4 30. Qc4 Qe5 31. Rb7 f3 32. Qd5 Bxf2+ 33. Kxf2 e3+ 34. Kg1 f2+ 35. Kh1 Qxd5 36. Bxd5 Bd3 37. Bf3 Bxf1 38. Re7 Bd3 0-1

[Event "BRA-ch U26"]
[Site "Joinville"]
[Date "2023.10.09"]
[Round "1"]
[White "Da Silva, Elias Aparecido Vos"]
[Black "De Souza Sa, Apolo"]
[Result "0-1"]
[WhiteElo "1800"]
[BlackElo "1903"]
[PlyCount "84"]
[EventDate "2023.10.09"]
[EventType "swiss"]
[EventRounds "6"]
[EventCountry "BRA"]
[SourceTitle "CBM 216 Extra"]
[Source "ChessBase"]
[SourceDate "2023.11.30"]
[SourceVersion "1"]
[SourceVersionDate "2023.11.30"]
[SourceQuality "1"]

1. d4 Nf6 2. Nf3 g6 3. Nbd2 d5 4. e3 Bg7 5. b3 0-0 6. Bb2 Bg4 7. Be2 Nbd7 8. h3 Bf5 9. c4 c6 10. 0-0 Re8 11. Nh4 Ne4 12. Nxf5 gxf5 13. Nxe4 fxe4 14. f4 f5 15. Qe1 Rf8 16. g4 e6 17. Kg2 Bf6 18. g5 Be7 19. Rg1 Kh8 20. Kh1 Rg8 21. Qf2 Qa5 22. Bh5 Kg7 23. g6 h6 24. a3 Bf6 25. b4 Qd8 26. c5 Bh4 27. Qf1 Nf6 28. Be2 h5 29. Bc3 Kh6 30. Be1 Nd7 31. Qg2 Bxe1 32. Raxe1 Qf6 33. Qg5+ Qxg5 34. Rxg5 Nf6 35. Reg1 Rg7 36. a4 Rag8 37. Kh2 h4 38. b5 Rxg6 39. Rxg6+ Rxg6 40. Rxg6+ Kxg6 41. Kg2 Kf7 42. Kf2 Ke8 0-1